Algorithmic information theory

Bibliographic Details
Main Author: Chaitin, Gregory J. (Author)
Format: Book
Language:English
Published: Cambridge : Cambridge University Press , 1992, c1987
Series:Cambridge tracts in theoretical computer science 1
Subjects:

MARC

LEADER 00000cam a2200000 7i4500
001 0000049430
005 20070228093000.0
008 061217 enk eng
020 |a 0521616042 (pbk.) 
090 0 0 |a QA267   |b .C48 1992 
100 1 |a Chaitin, Gregory J. ,   |e author 
245 1 0 |a Algorithmic information theory   |c Gregory Chaitin 
260 |a Cambridge :   |b Cambridge University Press ,   |c 1992, c1987 
300 |a 178 p. ;   |c 25 cm. 
440 0 |a Cambridge tracts in theoretical computer science   |v 1 
504 |a Includes bibliographical references (p. 176-178) 
650 0 |a Machine theory 
650 0 |a LISP (Computer programme language) 
650 0 |a Computational complexity 
999 |a 1000104612   |b Book   |c OPEN SHELF (30 DAYS)   |e Gong Badak Campus